NBA 2K25 Starting Lineups - Statistics

General Stats
  • This quiz has been taken 822 times
  • The average score is 83 of 150
Answer Stats
% Correct
PG Trae Young
96%
PF Jayson Tatum
90%
PG Shai Gilgeous-Alexander
90%
PF Jalen Williams
89%
SF Jaylen Brown
89%
SG Derrick White
87%
C Mark Williams
87%
SG Coby White
86%
PF Draymond Green
86%
SG Jalen Green
86%
PF Patrick Williams
86%
C Kristaps Porzingis
85%
PG Tyrese Haliburton
85%
SF Josh Green
84%
PG Jrue Holiday
84%
PF Lebron James
84%
C Anthony Davis
81%
PG LaMelo Ball
81%
SF Klay Thompson
80%
C Trayce Jackson-Davis
79%
C Alperen Sengun
78%
SF Amen Thompson
78%
PG Jamal Murray
78%
PG James Harden
78%
PG Ja Morant
78%
C Joel Embiid
78%
SF Ausar Thompson
77%
PF Keegan Murray
77%
PG Dejounte Murray
76%
SG Devin Booker
76%
SG Donovan Mitchell
76%
C Nikola Jokic
76%
PF Giannis Antetokounmpo
74%
C Jalen Duren
74%
SF Jimmy Butler
74%
PF Kawhi Leonard
74%
PG Stephen Curry
74%
PG Tyrese Maxey
74%
SG Josh Hart
73%
PF Kevin Durant
73%
C Myles Turner
73%
PG Darius Garland
72%
PF Jalen Johnson
72%
PF Pascal Siakam
72%
SF Paul George
72%
SG Anthony Edwards
71%
PG Austin Reaves
71%
SF Cam Johnson
71%
PG Fred VanVleet
71%
C Jarrett Allen
71%
PG Keyonte George
71%
C Victor Wembanyama
71%
C Bam Adebayo
70%
PG De'Aaron Fox
70%
C Clint Capela
69%
PG Damian Lillard
69%
PF Jaren Jackson Jr
69%
SG Kyrie Irving
69%
PF Evan Mobley
68%
C Karl-Anthony Towns
68%
C Domantas Sabonis
67%
PG Jalen Brunson
67%
PG Tyler Herro
66%
SF Mikal Bridges
65%
PF Miles Bridges
65%
PG Cade Cunningham
64%
PG Chris Paul
64%
C Isaiah Hartenstein
63%
SF Michael Porter Jr
62%
C Brook Lopez
61%
C Ivica Zubac
61%
C Rudy Gobert
61%
SF Zach Lavine
61%
SF Luguentz Dort
60%
PF Scottie Barnes
60%
PF Aaron Gordon
59%
SF Harrison Barnes
59%
PG Jordan Poole
59%
SG Cam Thomas
57%
SG Desmond Bane
57%
SF Andre Jackson Jr
56%
PF Julius Randle
55%
C Nic Claxton
55%
C Nikola Vucevic
55%
C Deandre Ayton
54%
PF Dillon Brooks
54%
SG Jalen Suggs
54%
SF Demar DeRozan
53%
PG Anfernee Simons
52%
PG Mike Conley
52%
SG Dyson Daniels
51%
PG D'Angelo Russell
50%
PG Josh Giddey
50%
SG Khris Middleton
50%
SF Lauri Markkanen
50%
SF Rui Hachimura
50%
SF Andrew Wiggins
48%
C Derrick Lively
48%
SF Norman Powell
47%
SG Andrew Nembhard
45%
PF Herb Jones
45%
SF Jaden McDaniels
45%
PF Kyle Kuzma
45%
PG Tyus Jones
45%
SG Brandon Miller
43%
SG Christian Braun
43%
PF OG Anunoby
41%
PF P.J. Washington
39%
PF Tobias Harris
39%
C Walker Kessler
39%
SG CJ McCollum
38%
SG Devin Vassell
36%
SF Kentavious Caldwell-Pope
36%
SF Zaccharie Risacher
36%
SF Benedict Mathurin
35%
PF Jeremy Sochan
35%
SG Malik Monk
34%
SF R.J. Barrett
33%
PF John Collins
32%
SG Kelly Oubre Jr
32%
PG Anthony Black
31%
C Jakob Poeltl
31%
SG Shaedon Sharpe
31%
SG Colin Sexton
30%
SG Cason Wallace
29%
SG Duncan Robinson
29%
PG Immanuel Quickley
29%
PF Jerami Grant
29%
C Brandon Clarke
27%
SG Gradey Dick
27%
SG Dennis Schroder
24%
SF Trey Murphy
23%
PF KJ Martin
21%
PG Spencer Dinwiddie
21%
SG Kris Dunn
20%
SF Ryan Dunn
20%
SF Dean Wade
19%
SG Tim Hardaway Jr
19%
C Yves Missi
19%
C Goga Bitadze
17%
SF Jaylen Wells
17%
C Jonas Valanciunas
16%
SG Max Christie
16%
C Mason Plumlee
14%
SF Toumani Camara
14%
SF Bilal Coulibaly
13%
PF Haywood Highsmith
11%
PF Tristan da Silva
10%
PF Noah Clowney
8%
SG Carlton Carrington
7%
No matching quizzes found
Score Distribution
Percent of People with Each Score
Percentile by Number Answered
Your Score History
You have not taken this quiz